Регионална библиотека "Любен Каравелов" - Русе

Безпощадно (Запис номер 6821)

MARC детайли
000 -Лидер
Контролно поле с фиксирана дължина 01308nam a2200349 c 4500
003 - Код на организацията, давaща контролен номер
Контролно поле BLK
005 - Дата и час на последна редакция
Контролно поле 20250311162513.0
008 - Елементи от данни с фиксирана дължина
fixed length control field 180412b bul|||||r ||||||| ||bul||
010 ## - Наследен системен номер
LC control number KNG00008083000
040 ## - Източник на каталожния запис
Идентификатор на билиотеката - собственик на записа BLK
041 ## - Код за език
Код за езика на текст/звукозапис или на отделно заглавие Български
Код за езика КДБФ Български
080 ## - УДК
Текстов определител УДК Американска литература (на САЩ)
УДК код - определител по УДК 821.111(73)
УДК определител -312.4
УДК - код + определител 821.111(73)-312.4
100 1# - Редна дума - Автор
Автор Кланси, Том
Авторска отговорност първи автор
R(LIN) 79533
139 ## - Редно поле
Редна дума Кланси, Том
Авторски знак Кла - К 63
245 10 - Сведения за заглавието
Заглавие Безпощадно
Подзаглавни данни Роман : Кн. 1 - 2
Редно поле (дума) Том Кланси; прев. от англ. Петко Петков.
Том Кн. 2
257 ## - Страна на издаване
Страна на създаване/издаване Съединени американски щати
260 ## - Област на издателските данни
-- София
Име на издателя, разпространителя и проч. Атика
Година на издаване 1995
300 ## - Физическа характеристика
Размери/Мащаб 20 см
380 ## - Жанр
Жанр Худож. лит.
490 1# - СЕРИИ (Колекции)
Име на серия Поредица Международни бестселъри Crime Mystery
500 ## - Общи забележки
Забележка Ориг. загл. Without Remorse / Tom Clancy. - Офс. изд.
653 ## - Ключова дума – ненормативна
Ключова дума трилъри
653 ## - Ключова дума – ненормативна
Ключова дума романи
700 1# - Други автори (авторска отговорност)
Лично име Петков, Петко
Автороска отговорност (Описва отношението между автора и произведението) прев. от англ.
9 (RLIN) 363350
760 1# - Описание на основната серия
Редна дума на основното описание Кланси, Том
Място на издаване, издател и година 1995
Страници - том 368 с.
Забележка - том 9 000 тир.
Заглавие Кн. 2
852 ## - Местоположение
Форматна сигнатура Цб 182994
856 4# - Електронен адрес и достъп
Електронен формат pdf - файл
Път до файла /url/
856 4# - Електронен адрес и достъп
Електронен формат pdf - файл
Път до файла /url/
942 ## - АРТИКУЛИ
Вид на библиотечния материал Книги
Скрит в OPAC Не
Koha issues (borrowed), all copies 16
944 ## - СЪЗДАВАНЕ И РЕДАКЦИЯ на ЗАПИСА
Създаване/Редакция Създаване
Дата на регистрацията/редакция 15.01.2003
Служител, извършил регистрацията/редакцията 30576
Статус, дата на статуса Цветомила Тодорова
944 ## - СЪЗДАВАНЕ И РЕДАКЦИЯ на ЗАПИСА
Създаване/Редакция Редакция
Дата на регистрацията/редакция 10.02.2011
Служител, извършил регистрацията/редакцията
999 ## - СИСТЕМНИ КОНТРОЛНИ НОМЕРА
Koha biblionumber 6821
Koha biblioitemnumber 6821
Наличности
Код за отписване Код за изгубен артикул Код за повреда Коз за рестрикции Код за отдаване Артикулен № Име на библиотеката - собственик Име на библиотеката, в която се намира в момента Статус (Текущо местоположение) Дата на вписване в системата Местоположение - отдел Цена в лева Инвентарен номер Систематично азбучна сигнатура Баркод Номер на екземпляра Цена в евро Служебна бележка Служебен тип на артикула Бележка за публиката Източник на класификационната схема
Изтеглен Не е изгубен Не е повреден без рестрикции заемане за дома 11829 Регионална библиотека "Любен Каравелов" Русе Регионална библиотека "Любен Каравелов" Русе   2005-05-09 Заемна - подръчен фонд 3.50 120000693946 П 820(73)-31/К 63 120000693946 1 1.79 Дост: Pk Вид: Ф N: 15 Дата: 05.05.2005 Книги Отч.N: 20/2018 , Дата: 26.03.2018  
  Не е изгубен Не е повреден без рестрикции ползва се в читалня 11830 Регионална библиотека "Любен Каравелов" Русе Регионална библиотека "Любен Каравелов" Русе Хранилище 1995-01-01 Хранилище 1.17 614442 Цб 182994 120000614442 2 0.60 Дост: Dp Вид: Д N: стар фонд Дата: 01.01.1995 Дата инв: 16.10.2014 Бележки инв: Цб2014 Книги   Universal Decimal Classification
  Не е изгубен Не е повреден без рестрикции заемане за дома 11831 Регионална библиотека "Любен Каравелов" Русе Регионална библиотека "Любен Каравелов" Русе Заемна - подръчен фонд 1995-01-01 Заемна - подръчен фонд 1.17 613276 П 820(73)-31/К 63 120000613276 3 0.60 Бележки инв: П2018 Книги   Universal Decimal Classification
Vip Innovations Ltd, Rousse, Bulgaria 2025